[Event "CCCSA Spring GM Invitational 2019"]
[Site "Charlotte"]
[Date "2019.03.21"]
[Round "2"]
[White "Yanayt, Eugene"]
[Black "Martin Del Campo C., Roberto"]
[Result "0-1"]
[WhiteElo "2287"]
[BlackElo "2298"]
[Annotator "TA"]
[PlyCount "104"]
[EventDate "2019.03.20"]
[EventType "tourn"]
[EventCountry "USA"]
[SourceTitle "playchess.com"]
[Source "ChessBase"]
[SourceQuality "1"]

{[%evp 18,104,62,62,62,66,64,57,63,63,74,79,71,68,64,29,39,22,30,28,33,40,106,104,112,105,108,103,113,108,104,114,121,118,152,141,133,142,172,171,157,152,168,110,328,304,309,323,288,263,312,179,166,0,111,0,0,25,68,0,0,0,0,0,0,0,1151,-551,0,-29988,-29989,-29990,-29990,-29990,-29991,-29991,-29991,-29991,-29992,-29992,-29993,-29993,-29992,-29994,-29995,-29995,-29996,-29996,-29995]} 1. Nf3 Nf6 2. c4 d6 3. d4 g6 4. Nc3 Bg7 5. e4 O-O 6. Be2 Bg4 7. Be3 Nfd7 8. Rc1 e5 9. d5 f5 10. Ng5 f4 $1 {aiming for ...Bxe2. E91: King's Indian: Classical: 6 Be2, unusual replies including 6...c5 and 6...Bg4} (10... Bxe2 11. Qxe2 Nc5 12. h4 h6 13. Bxc5 hxg5 14. Ba3 gxh4 15. exf5 Qg5 16. Qe3 Qxg2 17. Rxh4 Rxf5 18. Qg3 Qxg3 19. fxg3 {½-½ (31) Saric,A (2533)-Troyke,C (2347) Skopje 2018}) 11. Bxg4 {Black must now prevent Ne6.} Qxg5 12. Bd2 Nc5 {White is slightly better.} 13. O-O a5 {[%cal Ba7a5,Ba5a4][%mdl 32]} 14. b3 Nbd7 15. Bh3 $146 ({Predecessor:} 15. Rb1 Nf6 16. Bf3 Qh6 17. a3 a4 18. bxa4 {1-0 (61) Bairachny,R-Doornbos,Y (2235) Bratislava 1993}) 15... Qe7 16. a3 {[#]} a4 $1 {[%mdl 512]} 17. b4 (17. bxa4 Nb6) 17... Nb3 $1 18. Rb1 f3 19. g3 $1 Nb6 (19... h5 $14) 20. Rxb3 $16 axb3 21. Qxb3 Kh8 22. Be3 {[%mdl 1024] White has strong compensation.} Nd7 23. Rc1 b6 24. Nb5 $1 Nf6 25. Qd3 Ne8 26. c5 bxc5 27. bxc5 h5 28. cxd6 cxd6 29. Rc6 Bf6 30. Bd2 (30. Bh6 $1 $18) 30... g5 $2 (30... Qg7 $16 {is a better defense.} 31. Qxf3 (31. Nxd6 Nxd6 32. Rxd6 Be7 $16) 31... Bg5) 31. Bf5 $18 g4 32. Bb4 Rd8 33. a4 Bg5 34. Bg6 (34. Bc8 $142) 34... h4 35. Bxe8 $2 (35. a5 $18) 35... Qxe8 (35... hxg3 $1 $11 {remains equal.} 36. hxg3 Qxe8) 36. Bxd6 ({Of course not} 36. Rxd6 $6 hxg3 37. hxg3 Qh5 $11) (36. Nxd6 $16 Qh5 37. Qc3 hxg3 38. Qxe5+ {[%mdl 64] Double Attack} Rf6 39. hxg3) 36... hxg3 37. hxg3 Rf6 $1 {Threatening ...Rh6.} 38. Nc7 ({White should try} 38. Qf1 $1 $14) 38... Qxc6 $11 39. dxc6 {And now Nb5 would win.} Rfxd6 40. Qc3 Rd1+ 41. Kh2 Bf6 $2 {[%mdl 8192] [#]} (41... R8d2 $11 42. Qxe5+ {[%mdl 64] Double Attack} Kh7) 42. Qb3 $4 {[%mdl 8192] [#]} (42. Ne6 $1 $18) 42... R8d2 $2 (42... Rf1 $1 $19 43. Ne6 Rxf2+ 44. Kg1 Rg2+ {[%mdl 64] Double Attack} 45. Kf1 Rdd2) 43. Qb8+ $2 {[%mdl 8192]} (43. Qe3 $11 Re2 44. Qh6+ Kg8 45. Qg6+ {[%mdl 64] Double Attack} Bg7 46. Qe6+ Kh8 47. Qc8+ Kh7 48. Qf5+ Kh6 49. Qe6+ Kh7 50. Qf5+ Kh6 51. Qe6+ Kh7 52. Qf5+) 43... Bd8 {[%cal Rd2f2] Black mates.} 44. Qb6 Bxc7 45. Qc5 Kg8 46. a5 Rd6 {[%cal Rd6h6]} 47. Qe3 Kh7 48. a6 Rh6+ 49. Qxh6+ Kxh6 50. a7 Ra1 51. a8=Q Rxa8 52. Kg1 Ra6 {Accuracy: White = 60%, Black = 61%.} 0-1

[Event "CCCSA Spring GM Invitational 2019"]
[Site "Charlotte"]
[Date "2019.03.21"]
[Round "2"]
[White "Arjun, Vishnuvardhan"]
[Black "Adamson, Robby"]
[Result "1/2-1/2"]
[WhiteElo "2262"]
[BlackElo "2216"]
[Annotator "TA"]
[PlyCount "40"]
[EventDate "2019.03.20"]
[EventType "tourn"]
[EventCountry "USA"]
[SourceTitle "playchess.com"]
[Source "ChessBase"]
[SourceQuality "1"]

{[%evp 9,40,27,26,31,22,23,21,27,36,37,43,0,0,12,2,23,38,26,60,31,94,38,41,19,43,21,14,0,20,21,23,0,53]} 1. c4 e5 2. g3 Nc6 3. Bg2 Bc5 4. Nc3 a6 5. e3 d6 6. Nge2 {A25: English Opening vs King's Indian with ...Nc6 but without early d3} (6. Nf3 Nf6 7. O-O O-O 8. h3 Ba7 9. d4 h6 10. dxe5 dxe5 11. Qxd8 Rxd8 12. b3 Be6 13. Ba3 Rd7 14. Rfd1 Rad8 15. Rxd7 Rxd7 {½-½ (41) Howell,D (2676)-Ponomariov,R (2694) Riadh 2017}) 6... Ba7 7. d4 h5 8. h3 h4 9. g4 f5 10. d5 Nce7 11. gxf5 Bxf5 12. Ne4 Ng6 $146 13. N2c3 Qe7 14. Bd2 Nh6 (14... Nf8 $14) 15. Qe2 (15. Qa4+ $16 Bd7 16. Qb3) 15... Nf8 $14 16. O-O-O Nd7 17. Rdg1 O-O-O 18. b4 Nf7 19. Bf3 g6 20. Kb2 Nb6 {Accuracy: White = 34%, Black = 51%.} (20... Bd4 $11) 1/2-1/2

[Event "CCCSA Spring GM Invitational 2019"]
[Site "Charlotte"]
[Date "2019.03.21"]
[Round "2"]
[White "Mishra, Abhimanyu"]
[Black "Jacobson, Aaron"]
[Result "0-1"]
[WhiteElo "2232"]
[BlackElo "2318"]
[Annotator "TA"]
[PlyCount "136"]
[EventDate "2019.03.20"]
[EventType "tourn"]
[EventCountry "USA"]
[SourceTitle "playchess.com"]
[Source "ChessBase"]
[SourceQuality "1"]

{[%evp 29,136,10,10,19,44,31,25,26,56,56,51,0,14,0,0,0,427,398,579,0,0,0,0,0,0,0,0,-30,-28,-81,-89,-108,-102,-135,-93,-100,-99,-99,-76,-63,-36,-50,-39,-82,-82,-97,-43,-43,-43,-53,-15,-15,-16,-16,-16,-20,-20,-20,-23,-24,-24,-24,-24,-35,-8,-77,-8,-8,-19,-77,-10,-3430,-2677,-1006,-1006,-4590,-4025,-2158,-2158,-1587,-1343,-6559,-6079,-29978,-29979,-29979,-29980,-29980,-29981,-29982,-29983,-29984,-29985,-29986,-29984,-29984,-29985,-29987,-29988,-29988,-29989,-29995,-29996,-29996,-29995,-29997,-29997,-29998,-29999]} 1. e4 {CB} e6 2. d4 d5 3. Nc3 Nf6 4. e5 Nfd7 5. f4 c5 6. Nf3 Nc6 7. Be3 cxd4 8. Nxd4 Qb6 9. Qd2 Qxb2 10. Rb1 Qa3 11. Bb5 Nxd4 {C11: French: Classical System: 4 e5 and 4 Bg5 dxe4} 12. Bxd4 a6 13. Bxd7+ Bxd7 14. Rb3 Qe7 15. Rxb7 Rc8 {LiveBook: 47 Games} 16. O-O Qa3 17. Rfb1 Bc5 {Hoping for ...Bxd4+.} 18. Ne2 Bxd4+ 19. Nxd4 {[#]} Rc4 $146 20. Rb8+ (20. f5 $5 exf5 21. e6 fxe6 22. Rb8+ Rc8 23. Rxc8+ Bxc8 24. Nxe6 $1 {[%mdl 512]} Bxe6 25. Rb8+ Kf7 26. Rxh8 $16) 20... Bc8 21. c3 Rxc3 22. f5 O-O $2 {[%mdl 8192]} (22... exf5 $11 {and Black has nothing to worry.} 23. e6 (23. Nb3 Rc7 $15) 23... Qc5) 23. f6 $18 {White wants to mate with Qg5.} gxf6 (23... Re8 $142 24. R8b4 gxf6) 24. exf6 $2 (24. R8b3 $18 Rxb3 25. Rxb3) 24... Kh8 $1 $11 25. R8b3 ({Of course not} 25. Qg5 Rg8 $17) 25... Rxb3 26. Rxb3 Qc5 27. Rc3 Qb6 28. h3 {Black must now prevent Rg3.} Rg8 ({But not} 28... e5 $2 29. Qh6 $18) 29. Kh2 (29. Qf4 $11) 29... Qd6+ $1 $17 30. Kh1 e5 $36 {[%mdl 2048] White is under strong pressure.} 31. Qh6 {Intending Rxc8! and mate.} Bd7 ({Much weaker is} 31... exd4 $6 32. Rxc8 $1 {[%mdl 512]} Qg3 33. Rxg8+ Kxg8 34. Qc1 $11) 32. Nf3 Rg6 33. Qh5 {aiming for Ng5.} Qxf6 34. Qxe5 Kg7 35. Rc7 Be6 36. Qxf6+ Rxf6 $15 {[%mdl 4096] Endgame KRB-KRN} 37. Nd4 Bf5 (37... Kg6 $17 38. Ra7 Rf4 39. Nxe6 fxe6 40. Rxa6 Kf6) 38. Nxf5+ Rxf5 {KR-KR} 39. Ra7 Kf6 40. Rxa6+ Ke5 41. g4 Rf4 {next ...d4 is good for Black.} 42. Kg2 d4 {...d3 is the strong threat.} 43. Kg3 Ke4 44. Ra7 $1 {[%cal Ra7e7] Strongly threatening Re7+.} Rf3+ 45. Kg2 Rf6 {Threatens to win with ...d3.} 46. Re7+ Kd3 {Threatening ...h6.} 47. a4 (47. Kg3 $11 {keeps the balance.}) 47... Kc2 (47... h6 $17 48. a5 Kd2) 48. Rc7+ $11 Kd2 49. a5 (49. g5 $1 $11 Rg6 50. h4) 49... d3 (49... h6 $17 {And now ...d3 would win.} 50. Rb7 Ra6 51. Rxf7 d3) 50. a6 $2 {[%mdl 8192]} (50. g5 $11 Rd6 51. a6 Rxa6 52. Rxf7) 50... Rxa6 $19 51. Rxf7 {[#]} h6 $1 52. Kf3 Kc2 53. Rc7+ {[#]} Kd1 $1 54. Kf4 Rd6 55. h4 d2 56. Ra7 Ke1 {Black mates.} 57. Ra1+ d1=Q 58. Rxd1+ Kxd1 {KR-KPP} 59. Kf5 Rd4 60. h5 Ke2 61. Kg6 Rd6+ 62. Kf5 Kf3 63. g5 Rd5+ 64. Kg6 Rxg5+ 65. Kxh6 Kg4 66. Kh7 Kxh5 67. Kh8 Kg6 68. Kg8 Rf5 {Precision: White = 33%, Black = 63%.} 0-1

[Event "CCCSA Spring GM Invitational 2019"]
[Site "Charlotte"]
[Date "2019.03.21"]
[Round "2"]
[White "Francisco, Richard"]
[Black "Banik, Siddharth"]
[Result "0-1"]
[WhiteElo "2231"]
[BlackElo "2341"]
[Annotator "TA"]
[PlyCount "62"]
[EventDate "2019.03.20"]
[EventType "tourn"]
[EventCountry "USA"]
[SourceTitle "playchess.com"]
[Source "ChessBase"]
[SourceQuality "1"]

{[%evp 25,62,20,22,11,23,22,24,15,22,15,20,29,81,32,32,39,55,59,79,62,63,-41,47,29,19,22,62,12,6,-107,-127,-275,-308,-527,-507,-536,-533,-833,-817]} 1. e4 e6 2. d4 d5 3. e5 c5 4. c3 Qb6 5. Nf3 Nc6 6. a3 Nh6 7. Bd3 cxd4 8. cxd4 Bd7 9. Bc2 Nf5 10. Bxf5 exf5 11. Nc3 Be6 12. O-O Be7 13. Na4 {C02: French: Advance Variation} Qd8 {[#] LiveBook: 9 Games} 14. Bd2 $146 ({Predecessor (4):} 14. b4 b6 15. Be3 Rc8 16. Nb2 g5 17. Nd3 f4 18. Bc1 Qd7 19. Bb2 Nd8 20. Re1 Bf5 {½-½ (57) Hracek,Z (2607)-Fridman,D (2596) Germany 2016}) 14... g5 15. Nc5 {White has an edge.} g4 16. Ne1 {[%cal Bf3e1,Be1d3,Bd3f4,Bf4h5,Bh5f6][%mdl 32]} Bxc5 17. dxc5 h5 18. b4 Rg8 (18... a6 $11) 19. Nd3 h4 20. Re1 a6 21. Nf4 h3 22. Nh5 ({Don't play} 22. gxh3 Qh4 $15) 22... Rg6 23. Bf4 (23. Nf6+ $14 Kf8 24. Bf4) 23... hxg2 (23... d4 $15 24. Nf6+ Kf8) 24. Nf6+ $14 Kf8 25. Qd2 Kg7 $1 26. Bg5 {[%mdl 1024] Strongly threatening Nh5+. White has compensation.} Qh8 {Hoping for ...d4.} 27. Rad1 {[#]} (27. Nxd5 $11 {remains equal.} Kg8 28. Bf6) 27... d4 $1 $17 28. Qf4 (28. f3 $17 {keeps fighting.}) 28... Qh3 $19 29. Rd2 $2 (29. a4) 29... Rh8 {Black is clearly winning.} 30. Red1 {[#] Now Rd3 and White clings on.} g3 $1 {[%csl Gg3,Gh8][%cal Rh3h2][%mdl 512]} 31. Ne8+ (31. fxg3 Qxh2+) 31... Kf8 {Accuracy: White = 40%, Black = 70%.} 0-1

[Event "CCCSA Spring GM Invitational 2019"]
[Site "Charlotte"]
[Date "2019.03.22"]
[Round "3"]
[White "Patel, Advait"]
[Black "Rohan, Ahuja"]
[Result "1-0"]
[WhiteElo "2470"]
[BlackElo "2380"]
[Annotator "TA"]
[PlyCount "73"]
[EventDate "2019.03.20"]
[EventType "tourn"]
[EventCountry "USA"]
[SourceTitle "playchess.com"]
[Source "ChessBase"]
[SourceQuality "1"]

{[%evp 32,73,25,25,22,25,27,23,24,25,39,18,17,21,33,33,39,32,36,18,19,34,39,28,552,536,1682,1658,1500,1483,1689,1655,2558,2518,1535,963,964,963,910,862,874,853,1447,902]} 1. e4 e5 2. Nf3 Nc6 3. Bb5 a6 4. Ba4 Nf6 5. O-O Be7 6. Re1 b5 7. Bb3 d6 8. c3 O-O 9. h3 Nb8 10. d4 Nbd7 11. Nbd2 Bb7 12. Bc2 Re8 13. Nf1 Bf8 14. Ng3 g6 15. a4 c5 16. d5 c4 17. Bg5 Be7 {C95: Closed Ruy Lopez: Breyer Variation with 10 d4} 18. Qd2 Nc5 19. Bh6 Nfd7 {White has an edge.} 20. Nh2 bxa4 21. Bxa4 (21. Ng4 Nb3 22. Bxb3 axb3 23. f4 Nf6 24. Ne3 exf4 25. Bxf4 {½-½ (54) Borisek,J (2578)-Amin,B (2686) Batumi 2018}) 21... Nxa4 22. Rxa4 a5 23. Ng4 ({But not} 23. Rxc4 Nb6 $17) 23... Ba6 24. f4 Nc5 $146 ({Predecessor:} 24... exf4 25. Qxf4 Nc5 26. Rf1 f6 27. Nf5 gxf5 28. Qg3 Bf8 {1-0 (28) Sai,K (2409)-Eckert,D (2090) Montreal 2019}) 25. Raa1 Bc8 {Hoping for ...Bxg4.} 26. f5 $1 ({Much weaker is} 26. fxe5 Bxg4 27. Qf4 Nd3 $17) 26... Nb3 27. Qf2 {Black must now prevent Nh5!} Nxa1 $4 {[%mdl 8192] [#]} (27... Bh4 $11) 28. Nh5 $1 $18 {White is clearly winning.} f6 {[#]} 29. Ngxf6+ $1 {[%mdl 512]} Bxf6 30. fxg6 Rf8 31. Bxf8 Qxf8 32. Nxf6+ Kh8 33. Qh4 {[%csl Gf6,Gg6][%cal Rh4h7]} Qe7 {[#]} 34. g7+ $1 {[%mdl 512]} Qxg7 35. Nh5 {White wants to mate with Qd8+.} ({Worse is} 35. Rxa1 Bxh3 36. Qxh3 Qxf6 $11) 35... Qa7+ 36. Kh2 {[%cal Rh4d8]} Bxh3 37. Rxa1 1-0

[Event "CCCSA Spring GM Invitational 2019"]
[Site "Charlotte"]
[Date "2019.03.22"]
[Round "3"]
[White "Jacobson, Brandon"]
[Black "Berczes, David"]
[Result "1/2-1/2"]
[WhiteElo "2455"]
[BlackElo "2461"]
[Annotator "TA"]
[PlyCount "69"]
[EventDate "2019.03.20"]
[EventType "tourn"]
[EventCountry "USA"]
[SourceTitle "playchess.com"]
[Source "ChessBase"]
[SourceQuality "1"]

{[%evp 22,69,27,27,29,9,10,0,0,0,33,0,0,0,0,0,0,0,0,0,0,0,0,-14,0,-62,-66,-125,-111,-110,-37,-33,-43,-50,-9,-10,-8,-8,-8,-8,-8,-8,-8,-8,-8,-8,-8,-10,-11,-303]} 1. d4 d5 2. c4 c6 3. Nf3 Nf6 4. e3 Bg4 5. Nc3 e6 6. h3 Bh5 7. g4 Bg6 8. Ne5 {D11: Slav Defence: 3 Nf3 sidelines and 3...Nf6 4 e3 Bg4} Nbd7 9. Nxg6 hxg6 10. g5 Ne4 11. Nxe4 dxe4 12. h4 {LiveBook: 10 Games} (12. Qb3 Qb6 13. h4 Bb4+ 14. Ke2 c5 15. Bg2 f5 {1-0 (57) Nihal,S (2576)-Vitiugov,N (2719) St Petersburg 2018}) 12... Qa5+ 13. Bd2 Bb4 {[#]} 14. Bxb4 $146 (14. a3 {is interesting.} Bxd2+ 15. Qxd2 Qxd2+ 16. Kxd2 f5 17. c5) ({Predecessor:} 14. a3 Bxd2+ 15. Qxd2 Qxd2+ 16. Kxd2 {½-½ (42) Efremov,A (2564)-Emelyanov,M (2527) ICCF email 2015}) 14... Qxb4+ 15. Qd2 Qxd2+ 16. Kxd2 f5 17. gxf6 gxf6 18. Be2 Ke7 19. Rag1 Rag8 20. b4 f5 21. a4 e5 22. Kc3 Rh6 23. Rg2 {[#]} (23. c5 $11) 23... g5 $1 $15 {[%mdl 512]} 24. b5 (24. f3 $15) (24. Rxg5 Rxg5) 24... exd4+ $17 25. exd4 c5 ({Better is} 25... Nf6 $17 26. Rgh2 Rxh4 27. Rxh4 gxh4 28. Rxh4 Rg2) 26. f3 $1 $15 cxd4+ 27. Kxd4 Nf6 (27... Rgh8 {feels hotter.} 28. Rxg5 exf3 29. Bxf3 Rxh4+ 30. Rxh4 Rxh4+ 31. Kd5 Nb6+) 28. Ke5 {The position is equal.} Rxh4 29. Rxh4 gxh4 30. Rxg8 Nxg8 31. Kxf5 exf3 32. Bxf3 $11 {KB-KN} b6 33. c5 bxc5 34. a5 {[#] b6 is the strong threat.} Kd6 35. Kg4 $2 {[%mdl 40960] Precision: White = 61%, Black = 76%. . An unexpected result.} (35. b6 $11 {and White stays safe.} axb6 36. axb6) 1/2-1/2

[Event "CCCSA Spring GM Invitational 2019"]
[Site "Charlotte"]
[Date "2019.03.22"]
[Round "3"]
[White "Korley, Kassa"]
[Black "Ostrovskiy, Aleksandr"]
[Result "1-0"]
[WhiteElo "2437"]
[BlackElo "2453"]
[Annotator "TA"]
[PlyCount "73"]
[EventDate "2019.03.20"]
[EventType "tourn"]
[EventCountry "USA"]
[SourceTitle "playchess.com"]
[Source "ChessBase"]
[SourceQuality "1"]

{[%evp 22,73,10,17,0,0,0,-9,17,17,14,13,21,18,24,20,19,20,24,16,22,23,24,19,22,14,17,16,21,17,17,8,10,8,20,17,25,25,19,24,31,31,67,57,554,542,535,518,697,692,637,601,839,489]} 1. d4 Nf6 2. c4 e6 3. Nf3 d5 4. Nc3 Bb4 5. Bg5 dxc4 6. e4 {[%cal Be2e4,Be4e5][%mdl 32]} c5 7. e5 cxd4 8. Nxd4 Qa5 9. exf6 Bxc3+ 10. bxc3 Qxg5 11. fxg7 Qxg7 12. Qf3 Nd7 {D39: Queen's Gambit Declined: Ragozin Defence with 5 Bg5 dxc4} 13. Bxc4 O-O 14. Be2 Nc5 {[#] The position is equal.} (14... Ne5 $5 {[%cal Re5f3]} 15. Qe3 Ng6 $11) 15. Nb3 $146 ({Predecessor:} 15. O-O e5 16. Nb3 Ne6 17. Rfe1 Kh8 18. Qg3 f6 19. Qxg7+ Kxg7 20. Rad1 {0-1 (30) Nikolic,P (2588)-Van Wely,L (2657) Leiden 2015}) 15... Nxb3 16. axb3 Bd7 17. Qg3 Rfc8 18. c4 a5 19. Kd2 Bc6 20. f3 Kf8 {[#] ...Qd4+ is the strong threat.} 21. Qxg7+ Kxg7 22. Ra2 Kf6 23. Ke3 Rd8 24. h4 h6 25. g4 Ke7 26. Rha1 b6 27. c5 bxc5 28. Rxa5 Rxa5 29. Rxa5 $11 {[%mdl 4096] Endgame KRB-KRB} Kd6 30. Ra7 Rd7 31. Ra6 {[#] And now Bb5 would win.} Rb7 32. Bc4 e5 $2 {[%mdl 8192]} ({Black should play} 32... Kd7 $14) 33. g5 $18 {White is clearly winning.} hxg5 34. hxg5 Rb4 {Black hopes to continue with ...Rb7.} 35. Bxf7 Ke7 36. Bc4 (36. Rxc6 Kxf7 37. Kd3 (37. Rxc5 Ke6 $14) 37... Ke7 $16) 36... Bb5 37. Rb6 {Accuracy: White = 71%, Black = 55%.} 1-0

[Event "CCCSA Spring GM Invitational 2019"]
[Site "Charlotte"]
[Date "2019.03.22"]
[Round "3"]
[White "Yoo, Christopher Woojin"]
[Black "Arribas Lopez, Angel"]
[Result "1/2-1/2"]
[WhiteElo "2426"]
[BlackElo "2443"]
[Annotator "TA"]
[PlyCount "80"]
[EventDate "2019.03.20"]
[EventType "tourn"]
[EventCountry "USA"]
[SourceTitle "playchess.com"]
[Source "ChessBase"]
[SourceQuality "1"]

{[%evp 32,80,46,54,79,58,54,67,58,57,63,60,85,74,94,86,96,94,122,118,129,128,143,137,134,134,143,143,143,144,139,0,0,0,0,0,0,0,0,0,0,0,0,0,0,0,0,0,0,0,0]} 1. e4 c5 2. Nf3 d6 3. d4 cxd4 4. Nxd4 Nf6 5. Nc3 g6 6. Be3 Bg7 7. f3 Nc6 8. Qd2 O-O 9. O-O-O d5 10. Qe1 e5 11. Nxc6 bxc6 12. exd5 cxd5 13. Bg5 Be6 14. Bc4 Qb6 {B76: Sicilian Dragon: Yugoslav Attack, 9 g4 and 9 0-0-0} (14... Qc7 15. Bxf6 dxc4 16. Bxg7 Kxg7 17. Nd5 Bxd5 18. Rxd5 Rfe8 19. Qc3 Kg8 20. Qa5 Qe7 21. Re1 Qh4 22. Rdxe5 Rxe5 23. Qxe5 {½-½ (65) Leko,P (2741)-Carlsen,M (2765) Miskolc 2008}) 15. Bxf6 Bxf6 16. Nxd5 Bxd5 17. Rxd5 {LiveBook: 6 Games} Rad8 18. Qe2 Rxd5 19. Bxd5 Rd8 $146 ({Predecessor:} 19... Rb8 20. Bb3 a5 21. c3 Qa7 22. Qe4 {1-0 (71) Kudryavtsev,Y (1896)-Traczewski,W (1767) LSS email 2009}) 20. Rd1 Kg7 21. c3 a5 22. a4 Qc7 23. Bb3 Rxd1+ 24. Kxd1 Qb6 25. Kc2 Qg1 26. g3 h5 27. Bd5 g5 28. Kb3 h4 29. Qb5 Be7 30. gxh4 gxh4 31. Ka2 (31. h3 $16) 31... Qxh2 $11 {Hoping for ...Qf4.The position is equal.} 32. Qe8 ({Don't play} 32. Qxa5 Qf4 $17) 32... Qf4 {[#] aiming for ...h3.} 33. Qxe7 h3 $1 {[%cal Rh3h2]} ({Much worse is} 33... Qxa4+ $6 34. Qa3 $14) 34. Qd7 {Qg4+ is the strong threat.} h2 35. Qg4+ Kf6 (35... Kf8 $5 36. Qc8+ $8 Kg7 37. Qg4+ Kf6 $11) 36. Qd7 Kg7 37. Qg4+ Kf6 (37... Kf8 $5 38. Qc8+ $8 Kg7 39. Qg4+ $11) 38. Qd7 Kg7 39. Qg4+ Kf6 (39... Kf8 $5 40. Qc8+ $8 Kg7 41. Qg4+ $11) 40. Qd7 Kg7 {Precision: White = 83%, Black = 46%.} 1/2-1/2

[Event "CCCSA Spring GM Invitational 2019"]
[Site "Charlotte"]
[Date "2019.03.22"]
[Round "3"]
[White "Gauri, Shankar"]
[Black "Ringoir, Tanguy"]
[Result "1/2-1/2"]
[WhiteElo "2378"]
[BlackElo "2510"]
[Annotator "TA"]
[PlyCount "63"]
[EventDate "2019.03.20"]
[EventType "tourn"]
[EventCountry "USA"]
[SourceTitle "playchess.com"]
[Source "ChessBase"]
[SourceQuality "1"]

{[%evp 14,63,25,16,19,-17,-10,-27,-27,-29,-21,-31,-44,-43,-40,-30,0,0,2,0,6,15,47,45,41,23,18,14,49,31,39,24,60,67,81,71,72,60,126,126,117,46,61,54,58,50,64,0,185,152,185,187]} 1. e4 e5 2. Nf3 Nc6 3. Bc4 Bc5 4. O-O Nf6 5. d3 d6 6. c3 a6 7. Bb3 Ba7 8. Re1 O-O {C54: Giuoco Piano: 4 c3 Nf6, main lines with 5 d4 and 5 d3} (8... h6 9. Nbd2 g5 10. Nf1 g4 11. N3d2 h5 12. Nc4 b5 13. Nce3 h4 14. Bd5 Nxd5 15. exd5 Ne7 16. Nxg4 Bxg4 17. Qxg4 {0-1 (55) Amin,B (2710)-Fedoseev,V (2719) St Petersburg 2018}) 9. Bg5 h6 10. Bh4 g5 {Black has an edge.} 11. Bg3 Nh7 12. Nbd2 $146 ({Predecessor:} 12. d4 g4 13. Nh4 exd4 14. Nf5 Bxf5 15. exf5 Qg5 16. Re4 Nf6 17. Bf4 Qxf5 18. Bxh6 Nxe4 19. Bxf8 Nxf2 20. Qe2 d3 {0-1 (20) Fedoseeva,V (1930)-Melnikov,D (2292) St Petersburg 2012}) 12... h5 {[#] Strongly threatening ...h4.} 13. h4 g4 14. Nh2 Kh8 15. Nhf1 Ne7 16. Ne3 f5 17. exf5 Bxe3 18. Rxe3 Nxf5 19. Re1 Nxh4 20. d4 exd4 21. Ne4 Nf5 22. Bf4 Bd7 23. cxd4 Be8 24. Rc1 {[%mdl 1024] White has strong compensation.} Qd7 25. Qd2 {Threatens to win with Nc5!} Bf7 ({Black should play} 25... Bg6 $1 $14) 26. d5 $16 Bg6 27. Ng5 (27. Ng3 $16) 27... Nxg5 $14 28. Bxg5 Rae8 29. Re6 $36 {[%mdl 2048] White has good play.} Kh7 30. Rce1 (30. Qc3 $14) 30... Rxe6 $2 {[#]} (30... Ng7 $11) 31. dxe6 $18 ({Not} 31. Rxe6 Re8 $11) 31... Qg7 32. e7 {Accuracy: White = 49%, Black = 47%.} 1/2-1/2

[Event "CCCSA Spring GM Invitational 2019"]
[Site "Charlotte"]
[Date "2019.03.22"]
[Round "3"]
[White "Banik, Siddharth"]
[Black "Mishra, Abhimanyu"]
[Result "1/2-1/2"]
[WhiteElo "2341"]
[BlackElo "2232"]
[Annotator "TA"]
[PlyCount "73"]
[EventDate "2019.03.20"]
[EventType "tourn"]
[EventCountry "USA"]
[SourceTitle "playchess.com"]
[Source "ChessBase"]
[SourceQuality "1"]

{[%evp 11,73,25,44,18,25,25,44,27,33,15,17,0,0,0,52,47,86,90,143,118,104,132,129,118,116,114,134,145,137,125,134,134,152,158,144,78,145,145,152,127,177,151,156,152,183,173,181,103,109,110,107,106,101,97,106,95,110,8,8,8,85,8,25,8]} 1. e4 c5 2. Nf3 e6 3. d4 cxd4 4. Nxd4 Nc6 5. Nc3 Qc7 6. Be3 a6 7. Qf3 {B48: Sicilian: Taimanov: 5 Nc3 Qc7 6 Be3 a6 without Be2} Nf6 8. O-O-O Ne5 9. Qg3 {White is slightly better.} b5 $1 {[%cal Rb5b4] Threatening ...b4.} 10. a3 Bb7 11. f3 $146 {Hoping for Ndxb5.} ({Predecessor:} 11. Bxb5 Rc8 12. Ba4 Nxe4 13. Nxe4 Bxe4 14. Bf4 Qc4 15. Bxe5 Qxa4 {1-0 (38) Vachier Lagrave,M (2789)-Anand,V (2776) Karlsruhe/Baden-Baden 2018}) 11... Rc8 12. Kb1 Nc4 (12... Be7 $11) 13. Bxc4 $14 Qxc4 14. Nb3 Ba8 (14... Qc7 $142) 15. Rd4 Qc7 {[#]} 16. Bf4 $1 $36 {[%cal Rf4c7][%mdl 2048] White has strong initiative.} Qa7 17. Be5 Bc6 18. Rhd1 a5 19. Bd6 a4 20. Nc1 Bxd6 21. Qxd6 Qc7 22. Qb4 Qxh2 23. g4 ({White should play} 23. N1e2) 23... h6 (23... h5 $142) 24. N1e2 $16 Qc7 25. R4d3 d6 26. Nxb5 ({Don't take} 26. Qxd6 $6 Qxd6 27. Rxd6 Ke7 $16) (26. Rxd6 O-O $16) 26... Bxb5 27. Qxb5+ Ke7 28. Nc3 ({Don't play} 28. Rxd6 $6 Qxc2+ 29. Ka2 (29. Ka1 Rb8 $17) 29... Rb8 $14) 28... Rhd8 29. Qb4 (29. g5 $18 hxg5 30. Qxg5) 29... Qc5 30. Qxc5 dxc5 31. Nxa4 Rxd3 32. cxd3 {KRN-KRN} Nd7 33. Rc1 Ne5 34. Rxc5 ({Better is} 34. Nxc5 $16 Nxf3 35. b4) 34... Rxc5 $11 35. Nxc5 g6 {[#]} (35... Kd6 $11 {keeps the balance.} 36. b4 Nxf3) 36. Kc2 (36. f4 $1 $16 {[%cal Rf4e5]} Nxg4 37. Kc1) 36... Nxf3 37. a4 {Accuracy: White = 57%, Black = 57%.} 1/2-1/2